000 00573nam a2200193Ia 4500
008 140321s9999 xx 000 0 und d
020 _a9781133687757
050 _aHF 5548.4.M525
_b.S486 2012
100 _aShelly, Gary B.
245 _aMicrosoft office :
_bbasic module /
_cGary B. Shelly and Misty E. Vermaat.
260 _aPhilippines :
_bCengage Learning,
_cc2012.
300 _a339 p. :
_c26 cm.
521 _aIT
650 _aMicrosoft Excel (Computer file).
650 _aMicrosoft Office.
650 _aMicrosoft Word.
942 _kLOC
_cBK
999 _c48347
_d48347